000 00291nam a22001337a 4500
003 SGT
082 _bB16S
100 _aSINGH MANPREET
245 _aBIG DATA ANALYTICS WITH MICROSOFT
260 _bPEARSON PUB.
_c2016
300 _a572
650 _aCOMMERCE MANAGEMENT
942 _2ddc
_cBK
999 _c15502
_d15502